[Event "Besancon op"]
[Site "Besancon"]
[Date "2005.12.29"]
[Round "6"]
[White "Schiavon, Christian"]
[Black "Iehl, Laurent"]
[Result "1-0"]
[WhiteElo "2082"]
[BlackElo "1760"]
[PlyCount "101"]
[EventDate "2005.12.27"]
[EventType "swiss"]
[EventRounds "7"]
[EventCountry "FRA"]
[SourceTitle "CBM 110 Extra"]
[Source "ChessBase"]
[SourceDate "2006.03.10"]
[SourceVersion "2"]
[SourceVersionDate "2006.03.10"]
[SourceQuality "1"]

1. e4 e6 2. d4 d5 3. e5 c5 4. c3 Nc6 5. Nf3 Bd7 6. Be2 Rc8 7. a3 Nge7 8. b4 cxd4 9. cxd4 Ng6 10. Be3 Be7 11. Nbd2 a6 12. 0-0 Na7 13. Qb3 Bb5 14. Bd3 Bxd3 15. Qxd3 0-0 16. Rfc1 Qd7 17. Nb3 Qb5 18. Qxb5 Nxb5 19. Nc5 Rc7 20. Nd2 Rfc8 21. Ndb3 b6 22. Na4 Nc3 23. Nxc3 Rxc3 24. g3 h6 25. Bd2 R3c4 26. Kf1 f6 27. f4 fxe5 28. dxe5 Nf8 29. Ke2 Rxc1 30. Rxc1 Rxc1 31. Bxc1 Kf7 32. Be3 Nd7 33. Kd3 g5 34. Nd4 Nb8 35. Nf3 g4 36. Nd2 b5 37. Nb3 Nc6 38. Bc5 Bd8 39. Bd6 a5 40. Nd4 Nxd4 41. Kxd4 Bb6+ 42. Bc5 Bxc5+ 43. Kxc5 axb4 44. axb4 Ke7 45. Kxb5 Kd7 46. Kc5 Kc7 47. b5 h5 48. Kd4 Kb6 49. f5 exf5 50. e6 f4 51. e7 1-0